000 00511nam a2200181 a 4500
005 20140310183154.0
008 030428s19uu xx 00 eng d
020 _a0256224641
050 _aTK 5105.875.I57
_b.Er77 1996
100 _aErickson, Fritz J.
245 _aThe Internet Primer :
_bGetting Started on Internet /
_cFritz J. Erickson.
260 _aChicago :
_bIrwin,
_c1996.
300 _av, 24 p. :
_bill. ;
_c28 cm.
521 _aIT
650 _aInternet
942 _cBK
_2lcc
_kFOR
999 _c19717
_d19717